000 00294 a2200121 4500
005 20260424085836.0
020 _a9781788176491
100 _aANDERSSON,M
245 _aPositivity is Our Superpower
260 _aLondon
_bHAY HOUSE
_c2022
300 _ax,225p:ill;pictures
_c21.3cm
942 _2ddc
_cBKS
999 _c6871
_d6871